<?xml version="1.0" encoding="UTF-8"?>
<record
    xmlns:xsi="http://www.w3.org/2001/XMLSchema-instance"
    xsi:schemaLocation="http://www.loc.gov/MARC21/slim http://www.loc.gov/standards/marcxml/schema/MARC21slim.xsd"
    xmlns="http://www.loc.gov/MARC21/slim">

  <leader>01473nam a22002657a 4500</leader>
  <controlfield tag="003">AR-RoUNCS</controlfield>
  <controlfield tag="005">20260226101459.0</controlfield>
  <controlfield tag="008">260226t2005    sp a||||r|||| 00| f spa d</controlfield>
  <datafield tag="020" ind1=" " ind2=" ">
    <subfield code="a">84-666-2830-4</subfield>
  </datafield>
  <datafield tag="040" ind1=" " ind2=" ">
    <subfield code="a">AR-RoUNCS</subfield>
    <subfield code="c">AR-RoUNCS</subfield>
  </datafield>
  <datafield tag="080" ind1=" " ind2=" ">
    <subfield code="0">82-312.9(71)</subfield>
  </datafield>
  <datafield tag="100" ind1="1" ind2=" ">
    <subfield code="a">Boyle, Fionna</subfield>
    <subfield code="e">autor</subfield>
  </datafield>
  <datafield tag="245" ind1="1" ind2="0">
    <subfield code="a">Gu&#xED;a Muggle del mundo m&#xE1;gico :</subfield>
    <subfield code="b">[manual definitivo del universo Harry Potter] /</subfield>
    <subfield code="c">Fionna Boyle ; traducci&#xF3;n de Jordi Vidal.</subfield>
  </datafield>
  <datafield tag="260" ind1=" " ind2=" ">
    <subfield code="a">Barcelona :</subfield>
    <subfield code="b">Ediciones B,</subfield>
    <subfield code="c">2005.</subfield>
  </datafield>
  <datafield tag="300" ind1=" " ind2=" ">
    <subfield code="a">506 p. ;</subfield>
    <subfield code="c">24 cm.</subfield>
  </datafield>
  <datafield tag="500" ind1=" " ind2=" ">
    <subfield code="a">En la tapa "Edici&#xF3;n no autorizada por J. K. Rowling ni Warner Bros"</subfield>
  </datafield>
  <datafield tag="504" ind1=" " ind2=" ">
    <subfield code="a">Bibliografia p. 469-475. &#xCD;ndex</subfield>
  </datafield>
  <datafield tag="520" ind1="3" ind2=" ">
    <subfield code="a">El universo creado por J. K. Rowling est&#xE1; tan abarrotado de detalles, que es dif&#xED;cil dominartlo por completo.  Gracias a la Gu&#xED;a muggle del mundo m&#xE1;gico, todos los lectores podr&#xE1;n recorrer hasta el &#xFA;ltimo recodo de sus libros preferidos y conocer an&#xE9;cdotas sorprendentes del mago m&#xE1;s famoso. Tanto si has olvidade el ingrediente de una posi&#xF3;n, como si no recuerdas los efectos de alg&#xFA;n embrujo, este manual es la herramienta indispensable para conocer la serie de Harry Potter pormenorizadamente. (Notas del editor).</subfield>
  </datafield>
  <datafield tag="600" ind1=" " ind2="7">
    <subfield code="2">embne</subfield>
    <subfield code="a">Potter, Harry (personaje de ficci&#xF3;n)</subfield>
    <subfield code="v">Manuales para aficionados</subfield>
  </datafield>
  <datafield tag="650" ind1=" " ind2="7">
    <subfield code="2">embne</subfield>
    <subfield code="a">Literatura canadiense</subfield>
  </datafield>
  <datafield tag="655" ind1=" " ind2="7">
    <subfield code="2">embne</subfield>
    <subfield code="a">Novelas fant&#xE1;sticas</subfield>
  </datafield>
  <datafield tag="655" ind1=" " ind2="7">
    <subfield code="2">embne</subfield>
    <subfield code="a">Novelas juveniles</subfield>
  </datafield>
  <datafield tag="700" ind1="1" ind2=" ">
    <subfield code="a">Vidal, Jordi</subfield>
    <subfield code="e">Traductor</subfield>
  </datafield>
  <datafield tag="942" ind1=" " ind2=" ">
    <subfield code="2">udc</subfield>
    <subfield code="c">OG</subfield>
    <subfield code="n">0</subfield>
  </datafield>
  <datafield tag="999" ind1=" " ind2=" ">
    <subfield code="c">924</subfield>
    <subfield code="d">924</subfield>
  </datafield>
  <datafield tag="952" ind1=" " ind2=" ">
    <subfield code="0">0</subfield>
    <subfield code="1">0</subfield>
    <subfield code="2">udc</subfield>
    <subfield code="4">0</subfield>
    <subfield code="7">0</subfield>
    <subfield code="8">CG</subfield>
    <subfield code="a">ESOCIALES</subfield>
    <subfield code="b">ESOCIALES</subfield>
    <subfield code="d">2026-02-26</subfield>
    <subfield code="e">Donaci&#xF3;n 2024</subfield>
    <subfield code="l">0</subfield>
    <subfield code="o">82-312.9(71) B792</subfield>
    <subfield code="p">001200</subfield>
    <subfield code="r">2026-02-26 10:15:41</subfield>
    <subfield code="w">2026-02-26</subfield>
    <subfield code="y">OG</subfield>
  </datafield>
</record>
